00392nam a2200145Ia 4500008004100000020001800041041000800059082001500067100002400082245003100106250000600137260006100143300001200204650003000216210716s2007 xx 000 0 und d a9780070502756 aeng a658.3 SAIM aSaiyadain, Mirza S. aHuman resource management. a3 aNew DelhibTata McGraw Hill Publishing Company Ltdc2007 axvi,509 aHuman Resource Management